|
|
|
|
| LEADER |
00000nam0a2200000 4500 |
| 001 |
181437 |
| 005 |
20231101223624.0 |
| 035 |
|
|
|a (RuTPU)RU\TPU\book\196684
|
| 090 |
|
|
|a 181437
|
| 100 |
|
|
|a 20100607d2010 m y0rusy50 ca
|
| 101 |
0 |
|
|a rus
|
| 102 |
|
|
|a RU
|
| 105 |
|
|
|a ac z 001za
|
| 200 |
1 |
|
|a Как это было...
|e воспоминания о прожитом и о пережитом
|f С. В. Штрик
|
| 210 |
|
|
|a Томск
|c [Б. и.]
|d 2010
|
| 215 |
|
|
|a 226 с.
|c ил.
|e CD-ROM
|
| 320 |
|
|
|a Библиогр.: с. 226
|
| 330 |
|
|
|a Воспоминания посвящены показу только небольшой части личной жизни автора. В основном он пишет о себе и для себя. Это были, прежде всего, годы прошедшей Великой войны нашего народа за свое существование. Автор вспоминает войну с личных позиций, показывает, как он видел и как переживал те события. Книга поможет воскресить прошлое тем, кто пережил столь бурные времена. Вместе с тем не могут остаться в стороне и те, кто просто не знает все о войне, не помнит ее. Надо сказать, что автор широко использует архивные документы, а также воспоминания солдат и офицеров стрелковых батальонов и полков, непосредственно участвовавших в боях за нашу Родину.
|
| 600 |
|
1 |
|a Штрик
|b С. В.
|c российский военный деятель, генерал-лейтенант, мемуарист
|c учасник Великой Отечественной войны 1941-1945
|f 1919-
|g Сергей Владимирович
|2 stltpush
|3 (RuTPU)RU\TPU\pers\41718
|9 21426
|
| 606 |
1 |
|
|a Великая Отечественная война 1941-1945
|2 stltpush
|3 (RuTPU)RU\TPU\subj\66603
|9 82654
|
| 610 |
1 |
|
|a история
|
| 610 |
1 |
|
|a Россия
|
| 610 |
1 |
|
|a автобиографическая проза
|
| 610 |
1 |
|
|a воспоминания
|
| 610 |
1 |
|
|a мемуары
|
| 610 |
1 |
|
|a 166 стрелковая дивизия
|
| 686 |
|
|
|a Т3(2)622
|v LBC/SL-A
|2 rubbk
|
| 700 |
|
1 |
|a Штрик
|b С. В.
|c российский военный деятель, генерал-лейтенант, мемуарист
|c учасник Великой Отечественной войны 1941-1945
|f 1919-
|g Сергей Владимирович
|2 stltpush
|3 (RuTPU)RU\TPU\pers\41718
|9 21426
|
| 801 |
|
1 |
|a RU
|b 63413507
|c 20100607
|
| 801 |
|
2 |
|a RU
|b 63413507
|c 20221208
|g RCR
|
| 942 |
|
|
|c BK
|